| 000 | 00516nam a2200169Ia 4500 | ||
|---|---|---|---|
| 008 | 231217s9999 xx 000 0 und d | ||
| 020 | _a8178082489 | ||
| 041 | _aEnglish | ||
| 082 | _a001.6424UML FOW;5 | ||
| 100 | _aFowler, Martin Scott, Kendall | ||
| 245 | 0 | _aUML distilled : a brief guide to the standard object modeling language | |
| 250 | _a2nd ed. | ||
| 260 |
_c2000 _bPearson Education, _aDelhi |
||
| 300 | _axxi+185 | ||
| 650 | _aUML,distilled,:,brief,standard,object,modeling,language | ||
| 942 | _cAA | ||
| 999 |
_c178132 _d178132 |
||